000 00944nac a22002777a 4500
001 BR6006344
003 BR-BrBNA
005 20240105113148.0
008 230509b bl.|||m| |||| 00| 0 por d
040 _aBR-BrBNA
_bpor
_cBiblioteca Nacional de Agricultura
072 _aE30; F00; L00
090 _aE30 BR6006344
110 1 _aDiretoria Estadual do Ministerio da Agricultura em Roraima, Boa Vista (Brasil)
_93429
245 1 _aRelatorio 1971 [Diretoria Estadual do Ministerio da Agricultura em Roraima; Brasil]
260 3 _aBoa Vista, RR (Brasil):
_c1972.
300 _a10 p.
490 _aRelatorio - Diretoria Estadual do Ministerio da Agricultura em Roraima (Brazil)
_v
_x
650 _aDESENVOLVIMENTO AGRICOLA
650 _aPROJETO DE DESENVOLVIMENTO
650 _aAGRICULTURA
650 _aPECUARIA
650 _aDESPESA
650 _aRORAIMA
909 _a202312
_bLúcia Elande
_c55
_dLúcia Elande
942 _2AGRIS
_n0
_cMS
999 _c262231
_d262231